000 00653nam a2200217Ia 4500
003 GCL
008 140319s9999 xx 000 0 ara d
040 _aGCL /
_cGCL
082 0 4 _a688.76
_bم ن
100 1 _aمختار سالم
245 1 0 _aتكنولوجيا التجهيزات الطبية /
_cمختار سالم
260 _a[S.N] :
_bمؤسسة المعارف للطباعة والنشر ،
_c1990
300 _a376 ص
490 _a
650 0 4 _aالالعاب الرياضية
650 0 4 _aكرة القدم
650 0 4 _aكرة السلة
650 0 4 _aالكرة الطائرة
650 0 4 _aكرة اليد
942 _2ddc
_cBK
999 _c54352
_d54352